000
00394nam a2200133Ia 4500
008
100328s9999 xx 000 0 und d
082
_b
57017
100
_a
वैद्य पु.ग.
245
_a
सोडवूया गणिते
260
_b
नीहारा
630
_a
सोडवूया गणिते
730
_a
सोडवूया गणिते
942
_c
BOOK
999
_c
543500
_d
543497